| 000 | 00000nam 2200000zi 4500 |
| 001 | 9.936936 |
| 003 | CaOODSP |
| 005 | 20240417093807 |
| 006 | m o d f |
| 007 | cr cn||||||||| |
| 008 | 240417t20182012bcco o f000 0 fre d |
| 040 | |aCaOODSP|bfre|erda|cCaOODSP |
| 043 | |an-cn-yk |
| 086 | 1 |aIu87-1/2-2012F-PDF |
| 245 | 00|aTourism Yukon : |butiliser le Quotient explorateur pour favoriser la prise de décisions fondées sur la recherche à l'échelle d'un ministère. |
| 246 | 10|aUtiliser le Quotient explorateur pour favoriser la prise de décisions fondées sur la recherche à l'échelle d'un ministère |
| 264 | 1|a[Vancouver] : |bCommission canadienne du tourisme, |c[2018] |
| 264 | 4|c©2012 |
| 300 | |a1 ressource en ligne (11 pages) : |bphotographies. |
| 336 | |atexte|btxt|2rdacontent/fre |
| 337 | |ainformatique|bc|2rdamedia/fre |
| 338 | |aressource en ligne|bcr|2rdacarrier/fre |
| 490 | 1 |aPleins feux sur le Quotient explorateur : études de cas |
| 500 | |aTitre de la couverture. |
| 500 | |aPublié aussi en anglais sous le titre : Tourism Yukon : using EQ to drive department-wide, research-based decision making. |
| 520 | |a« Tourism Yukon en est au début de la mise en Ĺ“uvre du Quotient explorateur (QE). L'organisation a amorcé le travail en menant des campagnes auprès des consommateurs en Australie et en évaluant le potentiel des marchés canadiens, mais elle a jusqu'ici concentré ses efforts pour que le QE soit mieux compris des intervenants internes et plus utilisé. L'exercice premier a consisté à intégrer le QE aux autres recherches et à le mettre à l'essai dans quelques campagnes pour donner une base aux décisions d'affiares concernant l'ensemble des activités du ministère » -- Résumé, page 2. |
| 650 | 6|aTourisme|zYukon|xMarketing|vÉtudes de cas. |
| 650 | 6|aMarketing|xRecherche|zYukon|vÉtudes de cas. |
| 655 | 7|aÉtudes de cas|2rvmgf |
| 710 | 2 |aCommission canadienne du tourisme, |eorganisme de publication. |
| 775 | 08|tTourism Yukon : |w(CaOODSP)9.936929 |
| 830 | #0|aPleins feux sur le Quotient explorateur : études de cas.|w(CaOODSP)9.932622 |
| 856 | 40|qPDF|s738 Ko|uhttps://publications.gc.ca/collections/collection_2024/dc/Iu87-1-2-2012-fra.pdf |